[Event "Ricany op-B"]
[Site "Ricany"]
[Date "2008.08.23"]
[Round "1"]
[White "Mates, Miroslav"]
[Black "Hatasova, Michaela"]
[Result "1-0"]
[WhiteElo "1661"]
[BlackElo "1347"]
[PlyCount "115"]
[EventDate "2008.08.23"]
[EventType "swiss"]
[EventRounds "9"]
[EventCountry "CZE"]
[SourceTitle "CBM 126 Extra"]
[Source "ChessBase"]
[SourceDate "2008.11.05"]
[SourceVersion "1"]
[SourceVersionDate "2008.11.05"]
[SourceQuality "1"]

1. e4 e5 2. Nf3 Nc6 3. Bb5 d6 4. 0-0 Nf6 5. Re1 Be7 6. Nc3 0-0 7. Bxc6 bxc6 8. d3 Rb8 9. b3 Bg4 10. Be3 d5 11. exd5 cxd5 12. Bd2 Bd6 13. h3 d4 14. Ne4 Bh5 15. Ng3 Bg6 16. Bg5 Re8 17. Bxf6 Qxf6 18. Ne4 Bxe4 19. Rxe4 Bb4 20. Qe2 Rb5 21. Nxd4 Bc3 22. Rf1 Bxd4 23. Rxd4 h6 24. Rc4 Ra5 25. a4 c6 26. Qe4 Re6 27. Qe1 Rd5 28. Rb4 Rd8 29. Re4 Rd4 30. f3 Kh8 31. Qg3 Qf5 32. Rxd4 exd4 33. Qg4 Qe5 34. Qh4 f6 35. Qf2 c5 36. f4 Qe2 37. Qxe2 Rxe2 38. Rf2 Re1+ 39. Kh2 Kg8 40. g3 Kf7 41. f5 Ke7 42. Kg2 Kd6 43. Kf3 Re3+ 44. Kf4 Kd5 45. h4 Kc6 46. g4 Kb6 47. g5 h5 48. gxf6 gxf6 49. Rg2 Rh3 50. Rg6 Rxh4+ 51. Kg3 Rg4+ 52. Kf3 Ka5 53. Rxf6 Kb4 54. Rg6 Kc3 55. Rxg4 hxg4+ 56. Kxg4 Kxc2 57. f6 Kxb3 58. f7 1-0